La escuela penal de Utrecht /
Guardat en:
| Autors principals: | , |
|---|---|
| Altres autors: | , , , , , |
| Format: | Electrònic eBook |
| Idioma: | espanyol neerlandès |
| Publicat: |
Santiago, Chile :
Ediciones Olejnik,
[2020]
|
| Col·lecció: | Biblioteca de derecho penal y política criminal.
|
| Matèries: | |
| Accés en línia: | Digitalia Hispánica |
| Etiquetes: |
Afegir etiqueta
Sense etiquetes, Sigues el primer a etiquetar aquest registre!
|
MARC
| LEADER | 00000nam a2200000Ii 4500 | ||
|---|---|---|---|
| 001 | DIGOLEJNK0184 | ||
| 003 | NyNyDIG | ||
| 006 | m o d | ||
| 007 | cr ||||||||||| | ||
| 008 | 220520s2020 cl o 000 0 spa d | ||
| 035 | |a (OCoLC)1335131113 | ||
| 040 | |a DGITA |b eng |e rda |e pn |c DGITA | ||
| 020 | |z 9789563929232 | ||
| 041 | 1 | |a spa |h dut | |
| 043 | |a e-ne--- | ||
| 050 | 1 | 4 | |a KKM3800 ebook |
| 100 | 1 | |a Pompe, Willem Petrus Josef, |d 1893-1968, |e author. | |
| 245 | 1 | 3 | |a La escuela penal de Utrecht / |c Willem P.J. Pompe, Anton Peters ; edición a cargo de Matías Bailone ; edición al cuidado de Carlos Antonio Agurto Gonzáles, Sonia Lidia Quequejana Mamani, Benigno Choque Cuenca ; traducción directa del holandés realizada por Gerard Hofman y Claudia Estela Teseira. |
| 264 | 1 | |a Santiago, Chile : |b Ediciones Olejnik, |c [2020] | |
| 300 | |a 1 online resource. | ||
| 336 | |a text |b txt |2 rdacontent | ||
| 337 | |a computer |b c |2 rdamedia | ||
| 338 | |a online resource |b cr |2 rdacarrier | ||
| 347 | |a text file |2 rdaft | ||
| 347 | |b PDF | ||
| 490 | 1 | |a Biblioteca de derecho penal y política criminal | |
| 588 | 0 | |a Online resource; title from PDF title page (Digitalia, viewed May 20, 2022) | |
| 650 | 0 | |a Criminal law |z Netherlands. | |
| 655 | 0 | |a Electronic books. | |
| 700 | 1 | |a Peters, Anton A. G., |e author. | |
| 700 | 1 | |a Bailone, Matías, |e editor. | |
| 700 | 1 | |a Agurto Gonzáles, Carlos Antonio, |e editor. | |
| 700 | 1 | |a Quequejana Mamani, Sonia Lidia, |e editor. | |
| 700 | 1 | |a Choque Cuenca, Benigno, |e editor. | |
| 700 | 1 | |a Hofman, Gerard, |c (Translator), |e translator. | |
| 700 | 1 | |a Teseira, Claudia Estela, |e translator. | |
| 791 | 2 | |a Digitalia (Firm), |e distributor. | |
| 793 | 0 | |g Digitalia eBook Collection: |a Ediciones Olejnik | |
| 776 | 0 | 8 | |i Print version: |a Pompe, Willem Petrus Josef, 1893-1968. |t Escuela penal de Utrecht. |b Primera edición en Ediciones Olejnik. |d Santiago, Chile : Ediciones Olejnik, 2020 |z 9789563929232 |
| 830 | 0 | |a Biblioteca de derecho penal y política criminal. | |
| 856 | 4 | 0 | |3 Digitalia Hispánica |u https://digitalia.unach.elogim.com/a/104382/ |
| 910 | |a Premium collection: 2022 | ||